| 000 | 00387nam a2200145Ia 4500 | ||
|---|---|---|---|
| 008 | 211109s9999||||xx |||||||||||||| ||und|| | ||
| 082 |
_a650.144 _bMAT-M |
||
| 100 | _aMathews, A M | ||
| 245 | 0 | _aModern Interviews | |
| 260 |
_bVarma Brothers _aNew Delhi _c1980 |
||
| 300 | _a235p. | ||
| 630 | _xGeneral Stack | ||
| 650 |
_aEmployment interviewing _vJob hunting _xGeneralia |
||
| 942 | _cBOOK | ||
| 999 |
_c12138 _d12138 |
||